Phage display : a practical approach (Record no. 35027)

MARC details
000 -LEADER
fixed length control field 00831nam a2200265Ia 4500
008 - FIXED-LENGTH DATA ELEMENTS--GENERAL INFORMATION
fixed length control field 191130s2004##################000#0#eng##
020 ## - INTERNATIONAL STANDARD BOOK NUMBER
International Standard Book Number 199638748
022 ## - INTERNATIONAL STANDARD SERIAL NUMBER
International Standard Serial Number 2004299783
040 ## - CATALOGING SOURCE
Original cataloging agency ACL
Transcribing agency ACL
082 ## - DEWEY DECIMAL CLASSIFICATION NUMBER
Classification number 579.26 CLA
245 ## - TITLE STATEMENT
Title Phage display : a practical approach
Statement of responsibility, etc. edited by Tim Clackson, Henry B. Lowman
260 ## - PUBLICATION, DISTRIBUTION, ETC.
Place of publication, distribution, etc. Oxford
Name of publisher, distributor, etc. Oxford University Press
Date of publication, distribution, etc. 2004
300 ## - PHYSICAL DESCRIPTION
Extent xxiv, 332 p. : ill. ; 25 cm
500 ## - GENERAL NOTE
General note Includes bibliographical references and index
650 ## - SUBJECT ADDED ENTRY--TOPICAL TERM
Topical term or geographic name entry element Bacteriophages
Topical term or geographic name entry element Bacteriophages - Laboratory Manuals
Topical term or geographic name entry element Microbial biotechnology
Topical term or geographic name entry element Peptide Library - Laboratory Manuals
Topical term or geographic name entry element Viral proteins
700 ## - ADDED ENTRY--PERSONAL NAME
Personal name Clackson, Tim
Personal name Lowman, Henry B
990 ## - EQUIVALENCES OR CROSS-REFERENCES [LOCAL, CANADA]
Link information for 9XX fields c8272482ac10000c7df9f814a186adc1
991 ## -
-- 232462
Holdings
Withdrawn status Lost status Materials specified (bound volume or other part) Damaged status Not for loan Home library Current library Shelving location Date acquired Total Checkouts Full call number Barcode Date last seen Price effective from Koha item type
    hbk     Anna Centenary Library Anna Centenary Library 5TH FLOOR, A WING 09.10.2020   579.26 CLA 188490 09.10.2020 09.10.2020 English Books

Find us on the map